Juan Varela /
Αποθηκεύτηκε σε:
| Κύριος συγγραφέας: | |
|---|---|
| Μορφή: | Άγνωστο |
| Γλώσσα: | Spanish |
| Έκδοση: |
San José, Costa Rica :
Costa Rica,
2009.
|
| Έκδοση: | 4. edición |
| Θέματα: | |
| Ετικέτες: |
Προσθήκη ετικέτας
Δεν υπάρχουν, Καταχωρήστε ετικέτα πρώτοι!
|
MARC
| LEADER | 000000000a22000000004500 | ||
|---|---|---|---|
| 001 | 005304 | ||
| 020 | |a 9789977239149 | ||
| 041 | 0 | |a spa | |
| 082 | 0 | 4 | |a CR863.4 |b H565j4 2009 |
| 100 | 1 | |a Herrera García, Adolfo, |d 1914-1975 | |
| 245 | 1 | 0 | |a Juan Varela / |c Adolfo Herrera García. |
| 250 | |a 4. edición | ||
| 260 | 1 | |a San José, Costa Rica : |b Costa Rica, |c 2009. | |
| 300 | |a 87 páginas | ||
| 650 | 4 | |a LITERATURA COSTARRICENSE | |
| 650 | 4 | |a NOVELA | |
| 999 | |c 11039 |d 11039 | ||
| 942 | |c BK |h CR863.4 H565j4 2009 |2 z | ||



